000 00237nam a2200097Ia 4500
008 190216s9999||||xx |||||||||||||| ||und||
100 _aThomas A O
245 0 _aRasathanthram Nithya Jeevidathil
260 _bKerala Basha Inst
942 _cBK
999 _c40353
_d40353